000 00655nam a2200193 a 4500
005 20140412111359.0
008 060126s19uu xx 00 eng d
020 _a0-439-69359-4
050 _aTR(PS E
_bIh1 2004
100 _aParker, David
245 _aI have manners /
_cby David Parker ; illustrated by Christina Ong.
260 _aNew York :
_bScholastic Inc,
_c2004.
300 _a1 v. (unp.) ; ill.
440 _aThe Best I Can Be
520 _aManners help people interact positively with each other. The behavior that make-up manners are learned.
650 _aManners
_xFiction
650 _aBehavior
_xChildren stories
999 _c105436
_d105436